<?xml version="1.0" encoding="UTF-8"?>
<record
    xmlns:xsi="http://www.w3.org/2001/XMLSchema-instance"
    xsi:schemaLocation="http://www.loc.gov/MARC21/slim http://www.loc.gov/standards/marcxml/schema/MARC21slim.xsd"
    xmlns="http://www.loc.gov/MARC21/slim">

  <leader>00631cam a22002051  4500</leader>
  <controlfield tag="001">ne 62000840 </controlfield>
  <controlfield tag="003">DLC</controlfield>
  <controlfield tag="005">20260227111736.0</controlfield>
  <controlfield tag="008">900612s1961    ua            000 0 ararc</controlfield>
  <datafield tag="010" ind1=" " ind2=" ">
    <subfield code="a">ne 62000840 </subfield>
  </datafield>
  <datafield tag="035" ind1=" " ind2=" ">
    <subfield code="a">(OCoLC)21793567</subfield>
  </datafield>
  <datafield tag="040" ind1=" " ind2=" ">
    <subfield code="a">Princeton Univ. Libr.</subfield>
    <subfield code="c">WaU</subfield>
    <subfield code="d">DLC</subfield>
  </datafield>
  <datafield tag="042" ind1=" " ind2=" ">
    <subfield code="a">premarc</subfield>
  </datafield>
  <datafield tag="050" ind1="0" ind2="0">
    <subfield code="a">PJ7860.U77</subfield>
    <subfield code="b">Z9</subfield>
  </datafield>
  <datafield tag="100" ind1="1" ind2=" ">
    <subfield code="a">W&#x101;&#x2BB;&#x12B;&#x1E93;, Ra&#x2BC;&#x16B;f.</subfield>
  </datafield>
  <datafield tag="245" ind1="0" ind2="0">
    <subfield code="a">Ma&#x2BB;r&#x16B;f al-Ru&#x1E63;&#x101;f&#x12B; :</subfield>
    <subfield code="b">&#x1E25;ay&#x101;tuhu wa-adabuhu al-siy&#x101;s&#x12B;</subfield>
    <subfield code="c">[ta&#x2BC;l&#x12B;f] Ra&#x2BC;&#x16B;f al-W&#x101;&#x2BB;i&#x1E93;.</subfield>
  </datafield>
  <datafield tag="260" ind1=" " ind2=" ">
    <subfield code="a">Mi&#x1E63;r,</subfield>
    <subfield code="b">D&#x101;r al-Kit&#x101;b al-&#x2BB;Arab&#x12B;</subfield>
    <subfield code="c">[1961]</subfield>
  </datafield>
  <datafield tag="300" ind1=" " ind2=" ">
    <subfield code="a">275 p.</subfield>
    <subfield code="c">25 cm.</subfield>
  </datafield>
  <datafield tag="600" ind1="1" ind2="0">
    <subfield code="a">Ru&#x1E63;&#x101;f&#x12B;, Ma&#x2BB;r&#x16B;f,</subfield>
    <subfield code="d">1875-1945.</subfield>
  </datafield>
  <datafield tag="999" ind1=" " ind2=" ">
    <subfield code="c">45132</subfield>
    <subfield code="d">45132</subfield>
  </datafield>
</record>
